• 首页
  • 本馆介绍
  • 公告通知
  • 最新文献
  • 馆藏检索
  • 电子资源
  • 读者导购
  • 参考咨询
  • 我的图书馆
  • 登录
  • 详细信息显示
  • 放入我的书架
  • 预约/预借图书
  • 作者相关作品
  • 分类相关作品
  • 丛书相关作品
  • 出版社相关作品

书目信息

  • 表格格式
  • 工作单格式
  • 卡片格式
题名:
科技情报工作概论
    
 
作者: ;《科技情报工作概论》编写组 编
分册:  
出版信息: 北京   科学技术出版社  1987
页数: 593页
开本: 20cm
丛书名:
单 册:
中图分类: G350 , G35
科图分类:
主题词: 科学技术-情报工作 , 情报工作-科学技术 , 情报学 , 情报工作
电子资源:
ISBN:
000 00825nam0 2200289 45
001 0184006011
005 20040429102559.6
010    @dCNY4.25
091    @a17176.414
100    @a19951016d1987 em y0chiy0121 ea
101 0  @achi
102    @aCN@b110000
105    @ay z 000yy
106    @ar
200 10 @a科技情报工作概论@e试用本@Ake ji qing bao gong zuo gai lun@f《科技情报工作概论》编写组编@F《Ke Ji Qing Bao Gong Zuo Gai Lun》Bian Xie Zu Bian
210    @a北京@c科学技术出版社@d1987
215    @a593页@d20cm
606    @a科学技术-情报工作
606    @a情报工作-科学技术
606 0  @a情报学
606 0  @a情报工作
690    @aG350@v3
690    @aG35
711 02 @a《科技情报工作概论》编写组@4编
801  0 @aCN@b深圳图书馆@c20040429
801  2 @aCN@bNLC@c20040429
905    @f2@b203786-787@dG35@e37
    
    科技情报工作概论:试用本/《科技情报工作概论》编写组编.-北京:科学技术出版社,1987
    593页;20cm
    
    
    ISBN :CNY4.25
    
●
相关链接 在E读中查询图书 在五车中查询图书 在当当中查询图书 在豆瓣中查询图书


正题名:科技情报工作概论     索取号:G35/37         预约/预借

序号 登录号 条形码 馆藏地/架位号 状态 备注
1 0203786   000308679   密集书库/ [索取号:G35/37] 在馆    
2 0203787   000308633   密集书库/ [索取号:G35/37] 在馆    
3 0203788   000308624   第一样本阅览室/ [索取号:G35/37] 在馆    
唐山师范学院图书馆 欢迎您!
大连网信软件有限公司© 版权所有